000 02261nam a22002897a 4500
005 20110801120219.0
010 _aB-436033-037
020 _a8182630924
_c15.00
035 _aB-436033-037
037 _bब्ल्यूबेरी बुक्स
082 _a821
100 _aश्रीप्रसाद
_931254
245 _aतक-धिनाधिन /
_cश्रीप्रसाद; बारान इजलाल द्वारा चित्रांकित
246 _aTak-dhinaadhin
_bby Sriprasad
250 _a4था हिन्दी संस्क.
260 _aनई दिल्ली
_bप्रथम बुक्स
_c2010
270 _a633-634, 4th "C" Main, 6th 'B' Cross, OMBR Layout, Banaswadi,
_bBangalore
_e560043
_k+91 11 41042483
300 _a17पृ.
_bसचित्र
_c14x20 सेमी (अजिल्द)
700 _928835
_aइजलाल, बारान
942 _2ddc
_cCH
_h
_mश्रीप्रसा
999 _c54618
_d54618